Super Rugby Winners and Runners-Up - Statistics

General Stats
  • This quiz has been taken 200 times
    48 since last reset
  • The average score is 31 of 54
Answer Stats
Answer % Correct
1996 Winner Blues
93%
2022 Winner Crusaders
88%
2023 Winner Crusaders
88%
1997 Winner Blues
85%
2024 Winner Blues
85%
1998 Winner Crusaders
85%
2017 Winner Crusaders
85%
2018 Winner Crusaders
85%
2019 Winner Crusaders
85%
2015 Winner Highlanders
83%
2016 Winner Hurricanes
83%
2012 Winner Chiefs
78%
1999 Winner Crusaders
78%
2000 Winner Crusaders
78%
2011 WInner Reds
78%
2005 WInner Crusaders
75%
2006 WInner Crusaders
75%
2008 WInner Crusaders
75%
2002 Winner Crusaders
73%
2001 Winner Brumbies
70%
2013 Winner Chiefs
70%
2003 WInner Blues
68%
2004 Winner Brumbies
68%
2009 WInner Bulls
68%
2010 Winner Bulls
65%
2007 Winner Bulls
63%
2014 Winner Waratahs
63%
2011 Runner-Up Crusaders
53%
2014 Runner-Up Crusaders
48%
1998 Runner-Up Blues
45%
2003 Runner-Up Crusaders
45%
2004 Runner-Up Crusaders
45%
2022 Runner-Up Blues
43%
2023 Runner-Up Chiefs
43%
2024 Runner-Up Chiefs
43%
2015 Runner-Up Hurricanes
43%
1997 Runner-Up Brumbies
40%
2009 Runner-Up Chiefs
40%
1996 Runner-Up Sharks
40%
1999 Runner-Up Highlanders
38%
2006 Runner-Up Hurricanes
38%
2000 Runner-Up Brumbies
35%
2002 Runner-Up Brumbies
35%
2001 Runner-Up Sharks
33%
2016 Runner-Up Lions
30%
2018 Runner-Up Lions
30%
2007 Runner-Up Sharks
30%
2010 Runner-Up Stormers
30%
2005 Runner-Up Waratahs
30%
2008 Runner-Up Waratahs
30%
2019 Runner-Up Jaguares
28%
2013 Runner-Up Brumbies
25%
2017 Runner-Up Lions
25%
2012 Runner-Up Sharks
25%
No matching quizzes found
Score Distribution
Percent of People with Each Score
Percentile by Number Answered
Your Score History
You have not taken this quiz since the last reset